<?xml version="1.0" encoding="UTF-8"?>
<record
    xmlns:xsi="http://www.w3.org/2001/XMLSchema-instance"
    xsi:schemaLocation="http://www.loc.gov/MARC21/slim http://www.loc.gov/standards/marcxml/schema/MARC21slim.xsd"
    xmlns="http://www.loc.gov/MARC21/slim">

  <leader>00708nam a2200229Ia 4500</leader>
  <controlfield tag="005">20230201113152.0</controlfield>
  <controlfield tag="008">210716s2011    xx            000 0 und d</controlfield>
  <datafield tag="020" ind1=" " ind2=" ">
    <subfield code="a">9788131515440</subfield>
  </datafield>
  <datafield tag="040" ind1=" " ind2=" ">
    <subfield code="c">AIMIT LIBRARY</subfield>
  </datafield>
  <datafield tag="041" ind1=" " ind2=" ">
    <subfield code="a">eng</subfield>
  </datafield>
  <datafield tag="082" ind1=" " ind2=" ">
    <subfield code="a">658.151 </subfield>
    <subfield code="2">1</subfield>
    <subfield code="b">ACKL</subfield>
  </datafield>
  <datafield tag="100" ind1=" " ind2=" ">
    <subfield code="a">Ackert, Lucy F.</subfield>
    <subfield code="9">70408</subfield>
  </datafield>
  <datafield tag="245" ind1=" " ind2=" ">
    <subfield code="a">Understanding behavioral finance /</subfield>
    <subfield code="c">By Lucy F Ackert and Richard Deaves.</subfield>
  </datafield>
  <datafield tag="250" ind1=" " ind2=" ">
    <subfield code="a">1st ed.</subfield>
  </datafield>
  <datafield tag="260" ind1=" " ind2=" ">
    <subfield code="a">New Delhi :</subfield>
    <subfield code="b">Cengage Learning ,</subfield>
    <subfield code="c">2011.</subfield>
  </datafield>
  <datafield tag="300" ind1=" " ind2=" ">
    <subfield code="a">348p. ;</subfield>
    <subfield code="b">PB</subfield>
    <subfield code="c">23.5 cm</subfield>
  </datafield>
  <datafield tag="650" ind1=" " ind2=" ">
    <subfield code="a">Behavioral science foundations</subfield>
    <subfield code="9">70409</subfield>
  </datafield>
  <datafield tag="650" ind1=" " ind2=" ">
    <subfield code="a">social forces</subfield>
    <subfield code="9">70410</subfield>
  </datafield>
  <datafield tag="650" ind1=" " ind2=" ">
    <subfield code="a">Market outcomes</subfield>
    <subfield code="9">70411</subfield>
  </datafield>
  <datafield tag="700" ind1=" " ind2=" ">
    <subfield code="a">Deaves, Richard.</subfield>
    <subfield code="9">70412</subfield>
  </datafield>
  <datafield tag="942" ind1=" " ind2=" ">
    <subfield code="2">ddc</subfield>
    <subfield code="c">BK</subfield>
    <subfield code="e">1</subfield>
    <subfield code="k">658.151 ACKL</subfield>
  </datafield>
  <datafield tag="999" ind1=" " ind2=" ">
    <subfield code="c">207168</subfield>
    <subfield code="d">207168</subfield>
  </datafield>
  <datafield tag="952" ind1=" " ind2=" ">
    <subfield code="0">0</subfield>
    <subfield code="1">0</subfield>
    <subfield code="2">ddc</subfield>
    <subfield code="4">0</subfield>
    <subfield code="7">0</subfield>
    <subfield code="8">MBA</subfield>
    <subfield code="a">AIMIT</subfield>
    <subfield code="b">AIMIT</subfield>
    <subfield code="d">2012-03-01</subfield>
    <subfield code="g">350.00</subfield>
    <subfield code="i">Bill no:2024; Bill dt:2012-02-27</subfield>
    <subfield code="l">0</subfield>
    <subfield code="o">658.151 ACKL</subfield>
    <subfield code="p">MBA09730</subfield>
    <subfield code="r">2025-07-21 00:00:00</subfield>
    <subfield code="v">262.50</subfield>
    <subfield code="w">2021-07-16</subfield>
    <subfield code="y">BK</subfield>
  </datafield>
  <datafield tag="952" ind1=" " ind2=" ">
    <subfield code="0">0</subfield>
    <subfield code="1">0</subfield>
    <subfield code="2">ddc</subfield>
    <subfield code="4">0</subfield>
    <subfield code="7">0</subfield>
    <subfield code="8">MBA</subfield>
    <subfield code="a">AIMIT</subfield>
    <subfield code="b">AIMIT</subfield>
    <subfield code="d">2012-03-01</subfield>
    <subfield code="g">350.00</subfield>
    <subfield code="i">Bill no:2024; Bill dt:2012-02-27</subfield>
    <subfield code="l">0</subfield>
    <subfield code="o">658.151 ACKL</subfield>
    <subfield code="p">MBA09731</subfield>
    <subfield code="r">2025-07-21 00:00:00</subfield>
    <subfield code="v">262.50</subfield>
    <subfield code="w">2021-07-16</subfield>
    <subfield code="y">BK</subfield>
  </datafield>
  <datafield tag="952" ind1=" " ind2=" ">
    <subfield code="0">0</subfield>
    <subfield code="1">0</subfield>
    <subfield code="2">ddc</subfield>
    <subfield code="4">0</subfield>
    <subfield code="7">0</subfield>
    <subfield code="8">MBA</subfield>
    <subfield code="a">AIMIT</subfield>
    <subfield code="b">AIMIT</subfield>
    <subfield code="d">2012-03-01</subfield>
    <subfield code="g">350.00</subfield>
    <subfield code="i">Bill no:2024; Bill dt:2012-02-27</subfield>
    <subfield code="l">0</subfield>
    <subfield code="o">658.151 ACKL</subfield>
    <subfield code="p">MBA09732</subfield>
    <subfield code="r">2025-07-21 00:00:00</subfield>
    <subfield code="v">262.50</subfield>
    <subfield code="w">2021-07-16</subfield>
    <subfield code="y">BK</subfield>
  </datafield>
  <datafield tag="952" ind1=" " ind2=" ">
    <subfield code="0">0</subfield>
    <subfield code="1">0</subfield>
    <subfield code="2">ddc</subfield>
    <subfield code="4">0</subfield>
    <subfield code="7">0</subfield>
    <subfield code="8">MBA</subfield>
    <subfield code="a">AIMIT</subfield>
    <subfield code="b">AIMIT</subfield>
    <subfield code="d">2012-03-01</subfield>
    <subfield code="g">350.00</subfield>
    <subfield code="i">Bill no:2024; Bill dt:2012-02-27</subfield>
    <subfield code="l">0</subfield>
    <subfield code="o">658.151 ACKL</subfield>
    <subfield code="p">MBA09733</subfield>
    <subfield code="r">2025-07-21 00:00:00</subfield>
    <subfield code="v">262.50</subfield>
    <subfield code="w">2021-07-16</subfield>
    <subfield code="y">BK</subfield>
  </datafield>
  <datafield tag="952" ind1=" " ind2=" ">
    <subfield code="0">0</subfield>
    <subfield code="1">0</subfield>
    <subfield code="2">ddc</subfield>
    <subfield code="4">0</subfield>
    <subfield code="7">0</subfield>
    <subfield code="8">MBA</subfield>
    <subfield code="a">AIMIT</subfield>
    <subfield code="b">AIMIT</subfield>
    <subfield code="d">2012-03-01</subfield>
    <subfield code="g">350.00</subfield>
    <subfield code="i">Bill no:2024; Bill dt:2012-02-27</subfield>
    <subfield code="l">0</subfield>
    <subfield code="o">658.151 ACKL</subfield>
    <subfield code="p">MBA09734</subfield>
    <subfield code="r">2025-07-21 00:00:00</subfield>
    <subfield code="v">262.50</subfield>
    <subfield code="w">2021-07-16</subfield>
    <subfield code="y">BK</subfield>
  </datafield>
</record>
